Biblioteca "Ernesto Sabato"
Facultad de Derecho y Ciencias Sociales
Facultad de Lenguas
Universidad Nacional del Comahue

Impacto de los tratados de derechos humanos sobre el derecho administrativo argentino (Record no. 25143)

MARC details
000 -CABECERA
campo de control de longitud fija 01007caa a22001692a 4500
001 - NÚMERO DE CONTROL
campo de control 019414
003 - IDENTIFICADOR DEL NÚMERO DE CONTROL
campo de control AR-FADEU
008 - DATOS DE LONGITUD FIJA--INFORMACIÓN GENERAL
campo de control de longitud fija 311216n########xxu####################dd
092 ## - ASIGNACIÓN LOCAL DE SIGNATURA TOPOGRÁFICA DEWEY (OCLC)
Número de clasificación D344
Número de documento/Ítem S174
100 ## - ENTRADA PRINCIPAL--NOMBRE DE PERSONA
Nombre de persona Salomoni, Jorge Luis
245 ## - MENCIÓN DE TÍTULO
Título Impacto de los tratados de derechos humanos sobre el derecho administrativo argentino
300 ## - DESCRIPCIÓN FÍSICA
Extensión PP. 13-32
500 ## - NOTA GENERAL
Nota general En: Ordenamientos internacionales y ordenamientos administrativos nacionales : jerarquía, impacto y derechos humanos / Jorge Luis Salomoni. Buenos Aires : AD-Hoc, 2006
773 0# - ENLACE AL DOCUMENTO FUENTE/ENTRADA DE REGISTRO ANFITRIÓN
Número bibliográfico anfitrión 25142
Número de ítem anfitrión 24660
Encabezamiento principal Salomoni, Jorge Luis
Edición
Lugar, editor y fecha de publicación Buenos Aires
Otro identificador del documento 9449
Título Ordenamientos internacionales y ordenamientos administrativos nacionales : jerarquía, impacto y derechos humanos
Número de control del registro ( AR-FADEU) 019413
Número Internacional Normalizado para Publicaciones Seriadas
Número Internacional Estándar del Libro 950-894-601-6
773 0# - ENLACE AL DOCUMENTO FUENTE/ENTRADA DE REGISTRO ANFITRIÓN
Número bibliográfico anfitrión 25142
Número de ítem anfitrión 24661
Encabezamiento principal Salomoni, Jorge Luis
Edición
Lugar, editor y fecha de publicación Buenos Aires
Otro identificador del documento 18842
Título Ordenamientos internacionales y ordenamientos administrativos nacionales : jerarquía, impacto y derechos humanos
Número de control del registro ( AR-FADEU) 019413
Número Internacional Normalizado para Publicaciones Seriadas
Número Internacional Estándar del Libro 950-894-601-6
942 ## - ELEMENTOS DE PUNTO DE ACCESO ADICIONAL (KOHA)
Tipo de ítem Koha BDGR

No items available.

Facultad de Derecho y Ciencias Sociales | Universidad Nacional del Comahue | Mendoza y Perú General Roca | Río Negro CP (8332) | Patagonia Argentina | Teléfono: 54-0298-4433670 | | Fax: 0298-4432093 | Fax alumnos: 0298-4435700